000 00360nam a22001577a 4500
003 OSt
008 240326b |||||||| |||| 00| 0 eng d
020 _a9789356069329
082 _a006.33 THA
100 _aREEMA,Thareja
245 _aArtificial Intelligence
250 _a2nd Ed
260 _aNew Delhi
_bPearson
_c2024
300 _a612
942 _2ddc
_cREF
999 _c12294
_d12294